000 00428nam a2200181 i 4500
001 bg
100 1 _aSZYDŁOWSKI, Henryk.
245 1 0 _aPracownia fizyczna /
_cHenryk Szydłowski.
250 _aWyd.2 popr.
260 _aWarszawa,
_c1975.
650 9 _aFizyka
655 _aPodręczniki akademickie
040 _cBPK
041 _apol
080 _a53(075.8)
942 _cKS
008 s pl f |000 0 pol
999 _c16238
_d16238
856 _uhttp://koha.tu.koszalin.pl/cgi-bin/koha/opac-detail.pl?biblionumber=16238
_yKatalog online BPK